Antipoverty rural development in India (Record no. 239090)
[ view plain ]
| 000 -LEADER | |
|---|---|
| fixed length control field | 00524nam a2200217Ia 4500 |
| 008 - FIXED-LENGTH DATA ELEMENTS--GENERAL INFORMATION | |
| fixed length control field | 150901s9999 xx 000 0 und d |
| 041 ## - LANGUAGE CODE | |
| Language code of text/sound track or separate title | English |
| 082 ## - DEWEY DECIMAL CLASSIFICATION NUMBER | |
| Classification number | 302.2 |
| 082 ## - DEWEY DECIMAL CLASSIFICATION NUMBER | |
| Item number | SUN/AN |
| 100 ## - MAIN ENTRY--PERSONAL NAME | |
| Personal name | Sundaram I S |
| 100 ## - MAIN ENTRY--PERSONAL NAME | |
| Relator term | Author |
| 245 ## - TITLE STATEMENT | |
| Title | Antipoverty rural development in India |
| 260 ## - PUBLICATION, DISTRIBUTION, ETC. (IMPRINT) | |
| Place of publication, distribution, etc. | New Delhi |
| 260 ## - PUBLICATION, DISTRIBUTION, ETC. (IMPRINT) | |
| Name of publisher, distributor, etc. | D K Publications |
| 260 ## - PUBLICATION, DISTRIBUTION, ETC. (IMPRINT) | |
| Date of publication, distribution, etc. | 1984 |
| 300 ## - PHYSICAL DESCRIPTION | |
| Extent | 324 Pages |
| 365 ## - TRADE PRICE | |
| Price type code | Rs .9.72 |
| 650 ## - SUBJECT ADDED ENTRY--TOPICAL TERM | |
| Topical term or geographic name as entry element | Communication extension |
| 650 ## - SUBJECT ADDED ENTRY--TOPICAL TERM | |
| Topical term or geographic name as entry element | rural employment |
| 942 ## - ADDED ENTRY ELEMENTS (KOHA) | |
| Koha item type | Books (General) |
| Withdrawn status | Lost status | Damaged status | Not for loan | Home library | Current library | Date acquired | Cost, normal purchase price | Total Checkouts | Full call number | Barcode | Date last seen | Price effective from | Koha item type |
|---|---|---|---|---|---|---|---|---|---|---|---|---|---|
| College of Agriculture, Vellanikkara | College of Agriculture, Vellanikkara | 03/03/2022 | 9.72 | 302.2 SUN/AN | KAU-COA-23503 | 16/09/2015 | 16/09/2015 | Books (General) |
